Giải bài tập và bài toán cơ sở vật lí

Na minha lista:
Detalhes bibliográficos
Autor principal: Lương, Duyên Bình
Formato: Livro
Idioma:Undetermined
Publicado em: Hà Nội Giáo dục 2003
Assuntos:
Tags: Adicionar Tag
Sem tags, seja o primeiro a adicionar uma tag!
Thư viện lưu trữ: Trung tâm Học liệu Trường Đại học Cần Thơ
LEADER 00587nam a2200193Ia 4500
001 CTU_92903
008 210402s9999 xx 000 0 und d
082 |a 530.076 
082 |b B312/T.4 
100 |a Lương, Duyên Bình 
245 0 |a Giải bài tập và bài toán cơ sở vật lí 
245 0 |c Lương Duyên Bình, Nguyễn Quang Hậu 
260 |a Hà Nội 
260 |b Giáo dục 
260 |c 2003 
650 |a Physics 
650 |x Problems, exercises 
904 |i Tuyến 
980 |a Trung tâm Học liệu Trường Đại học Cần Thơ